| 000 | 01048nam a22003257a 4500 | ||
|---|---|---|---|
| 001 | 0037942 | ||
| 003 | KOHA_MİRAKIL | ||
| 005 | 20260207003046.0 | ||
| 007 | ta | ||
| 008 | 120719b2006 tu a|||gr||||#||||0|tur | | ||
| 020 | _a9755857079 | ||
| 040 |
_aTR-BiSEU _btur _cTR-BiSEU _erda |
||
| 041 | 0 | _atur | |
| 044 | _ctu | ||
| 050 |
_aGR281.S59 _bA85 2006 |
||
| 100 | 1 | _aAşkun, Vehbi Cem. | |
| 245 | 1 |
_aSivas folkloru/ _cVehbi Cem Aşkun ; Vehbi Cem Aşkun. |
|
| 264 | 1 |
_aSivas : _bSivas Valiliği İl Kültür ve Turizm müdürlüğü _c2006 |
|
| 300 |
_ac.<1-2> : _bresimli; 24 cm. |
||
| 336 |
_ametin _btxt _2rdacontent |
||
| 337 |
_aaracısız _bn _2rdamedia |
||
| 338 |
_acilt _bnc _2rdacarrier |
||
| 490 | 1 |
_aSivas 1000 temel eser ; _vno: 3. |
|
| 650 | 0 |
_aFolklore--Sivas--Turkey. _970974 |
|
| 650 | 0 |
_aFolklor--Sivas--Türkiye. _970975 |
|
| 650 | 0 |
_aSivas (Turkey--Manners and customs. _970976 |
|
| 650 | 0 |
_aSivas (Türkiye--Adetler ve gelenekler. _970977 |
|
| 830 | 1 |
_aSivas 1000 temel eser ; _vno: 3. _916484 |
|
| 942 |
_2lcc _cBK |
||
| 999 |
_c37795 _d37795 |
||